000 00635nam a22001815i 4500
001 156222
003 ES-MaACL
005 20230906210342.0
008 930111s1881 sp |||| | spa d
040 _aCAT
_bspa
_cCAT
_dCCPB
080 4 _a177
100 1 _aJamark, Carlos.
_965956
245 1 0 _aPersonajes bíblicos, ó, Los teólogos fotografiados por sí mismos
_b: fragmentos de un libro inédito /
_cpor Carlos Jamark.
260 _aBarcelona :
_b[s.a.],
_c1881 (
_fImprenta de Juan Oliveres á cargo de A. Xumetra)
300 _a470 p. ;
_c24 cm.
752 _aEspaña -
_dBarcelona
852 _aES-MaACL
_jB-3952
_z-- rúat.
999 _c156222
_d156222